000 00949nmm a2200337 a 4500
003 AR-BaBNM
005 20251128210948.0
008 011101s2000 ||||||||||||||000 | spa||
020 _a987-00-0021-5
040 _cAR-BaBNM
100 1 _aTroya, Estela
245 1 0 _aDe qué está hecho el amor
_borganizaciones de la pareja occidental entre el siglo XX y el siglo XXI
260 _aBuenos Aires
_bLumen
_c2000
300 0 _a157 p.
504 _aContiene referencias bibliográficas en p. 149.
650 4 _aSOCIOLOGIA CULTURAL
650 4 _aAMOR
650 4 _aRELACIONES FAMILIARES
650 4 _aMATRIMONIO
650 4 _aDIVORCIO
650 4 _aSIGLO VEINTE
650 4 _aFAMILIA
650 4 _aRELACIONES HUMANAS
650 4 _aSEXUALIDAD
650 4 _aSOCIEDAD CONTEMPORANEA
650 4 _aSOCIOLOGIA DEL CAMBIO
650 4 _aSIGLO VEINTIUNO
650 4 _aPSICOLOGIA SOCIAL
650 4 _aPSICOLOGIA AFECTIVA
942 _cBK
999 _c17654
_d17654